000 00536nam a2200193Ia 4500
005 20250508165942.0
008 008 250505s9999 xx 000 0 eng d
037 _aTextBook
040 _aFEDL
_beng
_cFEDL
041 _aeng
_2eng
084 _a370.15, ISL/R
_qFEDL
100 _aIslam Quazi Ferdoushi
_9782509
245 0 _aEducational psychology
260 _aDelhi, India
_bPearson
_c2012
300 _a184p.
546 _aGifted by Prof. Anita Rampal
942 _cTB
_h370.15, ISL/R
999 _c1398383
_d1398383